Didáctica de la Educación Física para Primaria

Wedi'i Gadw mewn:
Manylion Llyfryddiaeth
Prif Awdur: Sánchez Bañuelos, Fernando (Awdur)
Fformat: Llyfr
Iaith:Sbaeneg
Cyhoeddwyd: Madrid Pearson Educación S. A 2003
Rhifyn:1a. ed
Cyfres:Colección Didáctica Primaria
Pynciau:
Tagiau: Ychwanegu Tag
Dim Tagiau, Byddwch y cyntaf i dagio'r cofnod hwn!

MARC

LEADER 00000cam a2200000 a 4500
001 UCC4833
003 CL-VaPUC
008 180831e20030000sp |||||||||||||||||spa|d
020 |a 9788420534565 
082 0 4 |a 796.7  |b SAN  |2 21 
100 0 |a Sánchez Bañuelos, Fernando  |e author  |9 599033 
245 1 0 |a Didáctica de la Educación Física para Primaria 
250 |a 1a. ed 
300 |a 367 p 
942 |c BK 
945 |d 20180831 12:04:00  |a dcastane 
260 |a Madrid  |b Pearson Educación S. A  |c 2003 
650 0 |a Educación física  |9 240893 
650 0 |a Educación básica   |9 224933 
650 0 |a Métodos de enseñanza  |9 270413 
650 0 |a Didáctica   |9 369923 
583 |a last modification  |c 20190507 08:57:24  |k Rodrigo Vera 
490 0 |a Colección Didáctica Primaria 
999 |c 372219  |d 372217